000 00547nam a2200181 i 4500
001 134007
003 ES-MaACL
005 20230906194558.0
007 t|
008 070904s1973 sp ||||1| spa d
100 1 _aWest, Morris L.
_9116550
245 1 3 _aLa salamandra /
_cMorris West ; [traducción: Sebastián Martínez y Luis Vigil].
260 _aBarcelona, etc. :
_bPomaire,
_c[1973]
300 _a420 p. ;
_c22 cm.
700 1 _aMartínez, Sebastián.
_977808
700 1 _aVigil, Luis.
_9114628
852 _aES-MaACL
_jC-55620
_bR.88321
999 _c134007
_d134007